| 000 | 00888 a2200169 4500 | ||
|---|---|---|---|
| 003 | Nust | ||
| 005 | 20230213131730.0 | ||
| 040 | _cNust | ||
| 082 | _a955,CAM | ||
| 100 |
_aGeorge G. Cameron _9109016 |
||
| 245 |
_aHistroy of early Iran / _cGeorge G. Cameron |
||
| 260 |
_aLondon _bThe universty of chicago press |
||
| 300 | _a262 | ||
| 500 | _aThe Land and Its People (Page-1), Historical Beginnings (Page-22), Babylonian Dynasts and Kings of Simash (Page-43), Divine Messengers of Elam Smash and Susa (Page-67), The Kassite Interlude (Page-89), Kings of Anza and Susa (Page-96), The Glory of a element Empire (Page-113), Indo Iranians in the Zagros Mountains (Page-138), A New Elements Kingdom (Page-156), Median and Persian Chieftains (Page-170), The Eclipse of Elam (Page-185), Medes and Persians (Page-212). | ||
| 650 |
_aHistroy of early iran _9109017 |
||
| 942 |
_2ddc _cBK _k955,CAM |
||
| 999 |
_c186741 _d186741 |
||